01147cam a2200265 i 4500001001300000003000400013005001700017008004100034010001700075040001800092050001500110100002500125245019600150260009000346300002400436500007900460500007400539500006100613504003800674650003900712650003700751700002700788700004900815999001700864sa 67003269 DLC20260227112337.0840716m19651971ii b 000 0 sano  asa 67003269  aDLCcDLCdDLC00aPK703b.R32 aRamasubba Sastri, S.10aKr̥dantarūpamālā /cŚa. Rāmasubrahmaṇyaśāstribhiḥ sandhr̥bdhā ; Ve. Rāghavācāryāṇāṃ Ce. Pa. Rāmasvāmyāryāṇāṃ ca āmukhābhyāṃ sahitā. aMadrās :bMadrapurīsaṃskr̥tavidyāsamitisacivaiḥ prakāśitā,c1965-71. a5 v. in 4 ;c25 cm. aCover title: Kr̥dantarūpamālā; a concordance of verbal derivatives. aVols. 3-5 completed by V. Srivatsankacharya and T.K. Pranatartiharan. aIn Sanskrit; introductory matter in English or Sanskrit. aBibliography: v. 1, p. [xv]-xvii. 0aSanskrit languagexWord formation. 0aSanskrit languagexDictionaries.1 aPranatartiharan, T. K.1 aŚrīvatsāṅkācāryar, Vā.,d1936- c73753d73753